Normal view
MARC view
- Taha, Hamdy A
Entry Personal Name
001 - CONTROL NUMBER
- control field: 85132
003 - CONTROL NUMBER IDENTIFIER
- control field: NUST
005 - DATE AND TIME OF LATEST TRANSACTION
- control field: 20211125114817.0
008 - FIXED-LENGTH DATA ELEMENTS
- fixed length control field: 211125|| aca||aabn | a|a d
040 ## - CATALOGING SOURCE
- Original cataloging agency: NUST
- Transcribing agency: NUST
100 ## - HEADING--PERSONAL NAME
- Personal name: Taha, Hamdy A
670 ## - SOURCE DATA FOUND
- Source citation: Work cat.: (NUST)33569: Taha, Hamdy A., Operations research :, c2013.
